| 000 | 00466nam a2200169Ia 4500 | ||
|---|---|---|---|
| 999 |
_c30152 _d30152 |
||
| 003 | OSt | ||
| 005 | 20201211092157.0 | ||
| 008 | 190216s9999||||xx |||||||||||||| ||und|| | ||
| 040 | _coclc | ||
| 082 |
_a894.8124 _bPRE/R |
||
| 100 |
_aPreetha, K P _97154 |
||
| 245 | 0 |
_a122 Ragangal / _cK P Preetha |
|
| 260 |
_bPreeraga Books, _c2011. _aPayyanur: |
||
| 300 | _a88p | ||
| 650 | _aMalayalam | ||
| 942 |
_cBK _2ddc _h894.8124 _iPRE/R _k894.8124 _mPRE/R |
||